00422nam a22001577a 4500003000400000008004100004082001700045100002700062245006200089260003200151300000900183502001500192650003100207650001700238650000900255OSt260430b |||||||| |||| 00| 0 eng d a634.44bS33S aSharda, Durgesh Ranjan aStudies on Veneer Grafting in Mango (Mangifera Indica L.) aPusa, SamastipurbRAUc1996 a65P. bMsc.d1996 aFruit and Fruit Technology aHorticulture aMsc.